000 00334nam a2200133Ia 4500
008 191201s1998 xx 000 0 und d
082 _a677.02864
_bVES
100 _aVENKATA NARASAIAH, P
245 0 _aSpun Yarn Technology
260 _aN.Delhi
_bSaravana Publication
_c1998
300 _a205
650 _aB.Tech(TE)
942 _2ddc
_cBK
999 _c3414
_d3414